ბათუმის შოთა რუსთაველის სახელმწიფო უნივერსიტეტის ბიბლიოთეკა

ტრანსლატების ვერიფიკაცია კომუნიკაციურ სიტუაციაში : (ბიბ.ჩანაწერი № 55479)

000 -ლიდერი
ფიქსირებული სიგრძის საკონტროლო ველი 01750nam a2200277Ia 4500
001 - საკონტროლო ნომერი
საკონტროლო ველი 22561
003 - საკონტროლო ნომრის იდენტიფიკატორი
საკონტროლო ველი GE_BSU
005 - ბოლო ოპერაციის თარიღი და დრო
საკონტროლო ველი 20220920123843.0
008 - ფიქსირებული სიგრძის მონაცემთა ელემენტები - ზოგადი ინფორმაცია
ფიქსირებული სიგრძის საკონტროლო ველი 181216s2009||||ge |||||||||||||| ||geo||
040 ## - კატალოგიზაციის წყარო
Transcribing agency GE_BSU
041 ## - ენის კოდი
Language code of text/sound track or separate title geo
080 ## - უნივერსალური ათობითი კლასიფიკაციის ინდექსი
Universal Decimal Classification number 81,25 მ-14
100 ## - მთავარი ჩანაწერი - პიროვნების სახელი
Personal name მაზმიშვილი, ნანა
9 (RLIN) 10691
245 ## - ცნობა სათაურის შესახებ
Title ტრანსლატების ვერიფიკაცია კომუნიკაციურ სიტუაციაში :
Remainder of title დისერტაცია ფილოლ. დოქტ. აკად. ხარის. /
Statement of responsibility, etc ნანა მაზმიშვილი ; სამეცნ. ხელმძღვ. კომახიძე რ. ; შ. რუსთაველის სახ. სახელმწ. უნ-ტი, ჰუმან. მეცნ. ფაკ-ტი, სლავისტ. დეპარტამენტი.
264 ## - წარმოების, გამოცემის, დისტრიბუციის და სხვა ცნობები
გამოცემის, წარმოების, დისტრიბუციის... ადგილი ბათუმი,
გამოცემის, წარმოების, დისტრიბუციის... თარიღი 2009.
300 ## - ფიზიკური აღწერა
Extent 130 გვ. ;
Other physical details 30 სმ.
504 ## - BIBLIOGRAPHY, ETC. NOTE
Bibliography, etc ბიბლიოგრ.: გვ. 127-130
653 ## - INDEX TERM--UNCONTROLLED
Uncontrolled term ტრანსლატემის ვერიფიკაცია კომუნიკაციურ სიტუაცია
653 ## - INDEX TERM--UNCONTROLLED
Uncontrolled term ფილოლოგია
653 ## - INDEX TERM--UNCONTROLLED
Uncontrolled term დისერტაცია
653 ## - INDEX TERM--UNCONTROLLED
Uncontrolled term ტექსტის ლინგვისტიკა
653 ## - INDEX TERM--UNCONTROLLED
Uncontrolled term თარგმნის თეორია
700 ## - ADDED ENTRY--PERSONAL NAME
Personal name კომახიძე, რ.
Relator term სამეცნ. ხელმძღვანელი
9 (RLIN) 10692
710 ## - ADDED ENTRY--CORPORATE NAME
Corporate name or jurisdiction name as entry element ბათუმის შოთა რუსთაველის სახ-ფო უნ-ტი.
Subordinate unit ჰუმანიტარულ მეცნიერებათა ფაკ-ტი.
9 (RLIN) 10693
942 ## - ADDED ENTRY ELEMENTS (KOHA)
Koha item type წიგნი
Source of classification or shelving scheme
ეგზემპლარები
ჩამოწერის სტატუსი დაკარგული ეგზემპლარის სტატუსი კლასიფიკაციის წყარო ან თაროზე გაწყობის სქემა დაზიანების სტატუსი არ გაიცემა მუდმივი მდებარეობა (დაცვის ადგილი) ამჟამინდელი ადგილსამყოფელი თაროზე განთავსების ადგილი შეძენის თარიღი სრული შენახვის შიფრი შტრიხკოდი ბოლო ოპერაციის თარიღი ეგზემპლარის მიმდევრობითი ნომერი (კეტერი?) ფასის ძალაში შესვლის თარიღი ეგზემპლარის სახეობა საჯარო შენიშვნა
          ბათუმის შოთა რუსთაველის სახელმწიფო უნივერსიტეტის მთავარი ბიბლიოთეკა ბათუმის შოთა რუსთაველის სახელმწიფო უნივერსიტეტის მთავარი ბიბლიოთეკა წიგნსაცავი 2018-12-17 81,25 მ-14 72 დისეტრ 2018-12-17 72 2018-12-17 დისერტაცია